|
|
|
|
| LEADER |
00000nab a2200000uu 4500 |
| 001 |
vtls010879155 |
| 003 |
SK-MaSNL |
| 005 |
20260303163702.0 |
| 008 |
230303|1998 xo |||||||||||||||||eng| |
| 015 |
|
|
|a SNBRB
|
| 035 |
|
|
|a (urnnbn)urn:nbn:sk:snk:ar-005vs0
|
| 035 |
|
|
|a (uuid)4e24fa12-61a1-4094-ac97-20c276c33b0a
|
| 035 |
|
|
|a urn:nbn:sk:snk-ab7n6g
|
| 040 |
|
|
|a SNKBUCL
|b slo
|c SNKBUCL
|e AACR2
|
| 041 |
0 |
|
|a eng
|
| 044 |
|
|
|a xo
|c SK
|
| 100 |
1 |
|
|a Vikartovská, A.
|4 aut
|9 1187144
|
| 245 |
1 |
0 |
|a Screening of Immobilized Penicillin G Acylase Biocatalysts Using Enzyme Flow Microcalorimetry
|c A. Vikartovská, E. Michalková, P. Gemeiner
|
| 700 |
1 |
|
|a Michalková, E.
|4 aut
|9 772489
|
| 700 |
1 |
|
|a Gemeiner, P.
|4 aut
|9 796683
|
| 773 |
0 |
|
|t Chemical papers
|g Roč. 52, č. Focus Issue (1998), s. 548
|
| 958 |
|
|
|a OND
|
| 958 |
|
|
|a EUIPO
|
| 958 |
|
|
|a article8
|
| 999 |
|
|
|c 2060595
|d 2062525
|